The arc of the Thirtieth Meridian between the Egyptian Frontier and Latitude 13 45`, 1935-1940 (Record no. 87935)

MARC details
000 -LEADER
fixed length control field 00606cam a2200205 4500
001 - CONTROL NUMBER
control field D9622
008 - FIXED-LENGTH DATA ELEMENTS--GENERAL INFORMATION
fixed length control field 090401t1950 xxu||||| |||| 00| 0 eng d
035 ## - SYSTEM CONTROL NUMBER
System control number (Sirsi) u21185
041 ## - LANGUAGE CODE
Language code of text/sound track or separate title eng
050 ## - LIBRARY OF CONGRESS CALL NUMBER
Classification number 526.330962
100 ## - MAIN ENTRY--PERSONAL NAME
Personal name Wakefield, R.C.
245 #4 - TITLE STATEMENT
Title The arc of the Thirtieth Meridian between the Egyptian Frontier and Latitude 13 45`, 1935-1940
260 ## - PUBLICATION, DISTRIBUTION, ETC.
Place of publication, distribution, etc. Khartoum
Name of publisher, distributor, etc. The Sudan Government
Date of publication, distribution, etc. 1950
300 ## - PHYSICAL DESCRIPTION
Extent xv. 167p. 13 leaves of plates. ill. 30cm
350 ## - PRICE (NR) (BK AM CF MU VM SE) [OBSOLETE]
Price 0
490 ## - SERIES STATEMENT
Series statement Sudan Survey Department Records Volume 1
700 ## - ADDED ENTRY--PERSONAL NAME
Personal name Munsey, D.F.
942 ## - ADDED ENTRY ELEMENTS (KOHA)
Suppress in OPAC 0
948 ## - LOCAL PROCESSING INFORMATION (OCLC); SERIES PART DESIGNATOR (RLIN)
c (OCLC) 04/03/1997
Holdings
Withdrawn status Lost status Source of classification or shelving scheme Damaged status Not for loan Home library Current library Shelving location Date acquired Total Checkouts Full call number Barcode Date last seen Copy number Price effective from Koha item type
    Dewey Decimal Classification     London London Basement 14/09/1999   SHELF 206 30013716 06/08/2019 1 06/08/2019 Reference material